000 01001nam0a22002411 4500
001 rc\2570451
005 20250623112156.0
035 _a(NLR Aleph) 006735201
090 _a5586166
_c5586166
100 _a20110914d1928 |||y0rusy50 ca
101 0 _arus
102 _aRU
105 _ay z |||||
200 1 _aБелый десант
_e(Эпизод из борьбы с Врангелем в 1920 году на побережьи Азовского моря у Ново-Николаевской станицы Таганрогского округа)
_fПод ред. К. Губарева
210 _a[Таганрог]
_cИстпарт Тагокружкома ВКП(б)
_d1928
_gтип. изд-ва "красное знамя"
215 _a32 с.
_d17х13 см.
300 _aОтпечатано множит. аппаратом ГПБ
702 1 _aГубарев
_bК.В.
_4340
801 0 _aRU
_bNLR
_gpsbo
801 1 _aRU
_bELAR
_2rusmarc
852 _aNLR
_j62/3389
942 _cBOOK
980 _aNB